La Constitución de 1980
Gespeichert in:
| Körperschaft: | |
|---|---|
| Format: | Buch |
| Sprache: | Spanisch |
| Veröffentlicht: |
Santiago
Universidad de Chile
1981
|
| Schriftenreihe: | Seminarios
|
| Schlagworte: | |
| Tags: |
Tag hinzufügen
Keine Tags, Fügen Sie den ersten Tag hinzu!
|
MARC
| LEADER | 00000nam a2200000 a 4500 | ||
|---|---|---|---|
| 001 | UCT9663 | ||
| 003 | CL-VaPUC | ||
| 008 | 970411e19810000CL |||||||||||||||||spa|d | ||
| 082 | 0 | 4 | |a 342.83 |b FAC |2 21 |
| 110 | 2 | |a Facultad de Derecho Universidad de Chile |e author |9 382562 | |
| 245 | 1 | 3 | |a La Constitución de 1980 |
| 300 | |a 137 p | ||
| 942 | |c BK | ||
| 945 | |d 19970411 00:00:00 |a paguirre | ||
| 260 | |a Santiago |b Universidad de Chile |c 1981 | ||
| 600 | 0 | 7 | |a CONSTITUCION POLITICA DE 1980 |2 CL-VaPUC |9 255131 |
| 650 | 0 | |a Derecho constitucional |9 222588 | |
| 650 | 0 | |a Derecho público |9 255910 | |
| 650 | 0 | |a Poder político |9 255509 | |
| 650 | 0 | |a Poder ejecutivo |9 255177 | |
| 650 | 0 | |a Poder legislativo |9 258808 | |
| 650 | 0 | |a Poder judicial |9 254871 | |
| 650 | 0 | |a Derechos civiles y políticos |9 338684 | |
| 651 | 7 | |a CHILE |2 CL-VaPUC |9 382563 | |
| 583 | |a last modification |c 19970411 00:00:00 |k Rodrigo Vera | ||
| 490 | 0 | |a Seminarios | |
| 999 | |c 258043 |d 258041 | ||
| 952 | |0 0 |1 0 |4 0 |6 342_830000000000000_FAC_1981 |7 0 |8 A |9 281822 |a BIBDER |b BIBDER |d 2019-11-19 |i 1828428 |l 1 |m 1 |o 342.83 FAC 1981 |p 1828428 |r 2023-01-25 |s 2020-03-12 |w 2019-11-19 |y BK |k DER | ||